15 Most Downloaded Apps in 2025 - Statistics

General Stats
  • This quiz has been taken 78 times
  • The average score is 6 of 15
Answer Stats
Hint Answer % Correct
644M TikTok
90%
521M Instagram
89%
275M Snapchat
89%
431M Facebook
87%
405M WhatsApp
67%
770M ChatGPT
34%
297M Telegram
30%
262M Roblox
23%
334M CapCut
21%
363M Temu
21%
274M Threads
16%
303M Block Blast
13%
354M Google Gemini
7%
247M Free Fire
2%
247M WhatsApp Business
2%
No matching quizzes found
Score Distribution
Percent of People with Each Score
Percentile by Number Answered
Your Score History
You have not taken this quiz